| 000 | 01715cam a2200325 4500 | ||
|---|---|---|---|
| 001 | ABS64543 | ||
| 008 | 011004n2001 000 0 eng u | ||
| 035 | _a(Sirsi) u114990 | ||
| 100 | _aPawlowski, M. | ||
| 245 | 2 | _aA few home truths | |
| 260 | _c2001 | ||
| 490 |
_aEstates Gazette _v(0139) 29 September 2001, 136-137(2) |
||
| 520 | _aArgues that current legislation is unequal to the problems of defective housing. Through discussion of case law illustrates that the Environmental Protectiion Act 1990 s79 has limited application in tackling the problems of poor housing. It does not cover premises that are inherently dangerous, or unhygienic, or lack a facility that would enable the occupants to avoid a risk to health. Discusses the proposals contained in the Law Commission's 1992 consultation paper, "Landlord and Tenant: Responsibility for State and Condition of Property, No 123", and its 1996 report "Landlord and Tenant: Responsibility for State and Condition of Property, No 238". Argues that these proposals should be implemented, but recognises there is no sign of them becoming law in the foreseeable future. | ||
| 590 | _aABS | ||
| 650 | _aENVIRONMENTAL PROTECTION ACT 1990 S79 | ||
| 650 | _aDEFECTIVE HOUSING | ||
| 650 | _aHYGIENE | ||
| 650 | _aTRAFFIC NOISE | ||
| 650 | _aCONDENSATION | ||
| 650 | _aR V BRISTOL CITY COUNCIL EX P EVERETT | ||
| 650 | _aCOVENTRY CITY COUNCIL V CARTWRIGHT | ||
| 650 | _aBIRMINGHAM CITY COUNCIL V OAKLEY | ||
| 650 | _aHARINGEY LBC V JOWETT | ||
| 650 | _aSOUTHWARK LBC V INCE | ||
| 650 | _aGREATER LONDON COUNCIL V TOWER HAMLETS LBC | ||
| 650 | _aHERBERT LBC V ISSA | ||
| 650 | _aMCNERRY V LAMBETH LBC | ||
| 690 | _aHOUSING | ||
| 942 | _n0 | ||
| 999 |
_c68472 _d68472 |
||